00776nam a2200253Ia 4500001000900000003000500009005001700014008004100031010001100072020001800083040000900101082002700110100001800137245008000155260002700235300001500262440005200277503000800329504002900337650002700366650002800393650001300421710008800434dia_3418CHAP20230518122553.0220117s1983 xx 000 0 und d a173881 a92-5-300491-6 cCHAP a638.089607561 D58 1983 aDivakaran, S. aIndustrialización y aprovechamiento de la sangre animal /c S. Divakaran aItalia :b FAO,c1983 avi, 105 p. aBoletin de servicios Agrícolas de la FAO ; 32 aC/e aBibliografía : p 95-98 aHematología animal  aMataderosxSubproductos aSangre  aOrganización de las Naciones Unidas Para la Agricultura y la Alimentación (FAO)